[Event "Stuttgarter Stadtmeisterschaft 2010 A"]
[Site "Ditzingen"]
[Date "2010.05.16"]
[Round "7.39"]
[White "Stitterich, Nadine"]
[Black "Häcker, Sonja"]
[Result "1/2-1/2"]
[WhiteElo "1974"]
[BlackElo "2064"]
[PlyCount "60"]
[EventDate "2010.??.??"]
[WhiteTeam "SV Stuttgart-Wolfbusch 1956 e.V."]
[BlackTeam "SV Stuttgart-Wolfbusch 1956 e.V."]

1. e4 c5 2. Nf3 Nc6 3. d4 cxd4 4. Nxd4 Nf6 5. Nc3 d6 6. Bg5 e6 7. f4 Be7 8. Qd2
O-O 9. O-O-O Nxd4 10. Qxd4 Qa5 11. Bc4 Rd8 12. e5 dxe5 13. Qxe5 Qb6 14. Rxd8+
Bxd8 15. Rd1 Bd7 16. Qe2 Bc6 17. Bb3 Qb4 18. Kb1 a5 19. a3 Qc5 20. Qe5 Qb6 21.
Na4 Qc7 22. Bxf6 gxf6 23. Qe3 Be7 24. Qg3+ Kh8 25. Qf2 Rd8 26. Rxd8+ Qxd8 27.
Nc3 f5 28. g3 Bf6 29. Qe3 Qd6 30. Kc1 Kg7 1/2-1/2

[Event "Stuttgarter Stadtmeisterschaft 2010 A"]
[Site "Ditzingen"]
[Date "2010.05.16"]
[Round "7.30"]
[White "Muth, Roland"]
[Black "Janata, Andreas"]
[Result "0-1"]
[WhiteElo "2125"]
[BlackElo "2002"]
[PlyCount "72"]
[EventDate "2010.??.??"]
[WhiteTeam "Sabt SpVgg Rommelshausen"]
[BlackTeam "Sabt SpVgg Rommelshausen"]

1. e4 e6 2. d4 d5 3. Nc3 Bb4 4. Nge2 dxe4 5. a3 Be7 6. Nxe4 Nf6 7. N2g3 O-O 8.
c3 Nbd7 9. Bd3 c5 10. dxc5 Nxe4 11. Nxe4 f5 12. c6 Ne5 13. Bc2 Qxd1+ 14. Kxd1
fxe4 15. Bxe4 bxc6 16. f3 Ba6 17. Kc2 Rfd8 18. Kb3 Bc4+ 19. Ka4 a5 20. Be3 Nd3
21. Rab1 Bb5+ 22. Kb3 a4+ 23. Ka2 Nc5 24. Bxc5 Bxc5 25. Rbd1 Kf7 26. h4 h6 27.
h5 Be7 28. Rde1 Rd2 29. Bg6+ Kf6 30. Re4 e5 31. Rg4 c5 32. Re1 Bd7 33. Rge4 Bd6
34. g4 Bc6 35. R4e3 Bd5+ 36. Kb1 Rb8 0-1

[Event "Stuttgarter Stadtmeisterschaft 2010 A"]
[Site "Ditzingen"]
[Date "2010.05.16"]
[Round "7.1"]
[White "Gutman, Lev"]
[Black "Solodovnichenko, Yuri"]
[Result "0-1"]
[WhiteElo "2454"]
[BlackElo "2578"]
[PlyCount "98"]
[EventDate "2010.??.??"]
[WhiteTeam "Sabt SpVgg Rommelshausen"]
[BlackTeam "Sabt SpVgg Rommelshausen"]

1. Nf3 g6 2. g3 Bg7 3. d4 c5 4. Bg2 cxd4 5. Nxd4 Nc6 6. c3 Nf6 7. O-O O-O 8.
Qa4 Nxd4 9. cxd4 d5 10. Qb3 b6 11. Nc3 Bb7 12. Bg5 Ne4 13. Nxe4 dxe4 14. Rfd1
h6 15. Bf4 Bd5 16. Qa3 g5 17. Be3 e6 18. Rac1 f5 19. f4 Rf7 20. Qc3 Bf8 21. Qd2
Rg7 22. a3 Bd6 23. Rc3 Kh7 24. Rdc1 Qf6 25. Rf1 Rag8 26. Rcc1 Qd8 27. Rc3 Be7
28. Qc2 Bf6 29. fxg5 hxg5 30. g4 Qd7 31. Bf2 Kh8 32. e3 Qb7 33. Qd2 f4 34. exf4
e3 35. Bxe3 gxf4 36. Bxf4 Bxg2 37. Bg3 Bxd4+ 38. Qxd4 Bxf1 39. Kxf1 Qh1+ 40.
Ke2 Rf8 41. Bf4 Qg2+ 42. Ke1 Kg8 43. Rg3 Qh1+ 44. Rg1 Qf3 45. Bd2 Rc7 46. Bc3
e5 47. Qd2 Rcf7 48. Qe2 Qd5 49. Qe3 Rf4 0-1

[Event "Stuttgarter Stadtmeisterschaft 2010 A"]
[Site "Ditzingen"]
[Date "2010.05.16"]
[Round "7.2"]
[White "Ikonnikov, Viacheslav"]
[Black "Dobosz, Henryk"]
[Result "1-0"]
[WhiteElo "2558"]
[BlackElo "2375"]
[PlyCount "113"]
[EventDate "2010.??.??"]
[WhiteTeam "Sabt SpVgg Rommelshausen"]
[BlackTeam "Sabt SpVgg Rommelshausen"]

1. d4 d5 2. Nf3 e6 3. c4 Nf6 4. Nc3 Bb4 5. Bg5 h6 6. Bxf6 Qxf6 7. e3 O-O 8. Rc1
dxc4 9. Bxc4 c5 10. dxc5 Bxc5 11. O-O Rd8 12. Ne4 Qe7 13. Qc2 Bb6 14. Ng3 Nd7
15. Rfd1 Nf6 16. Rxd8+ Qxd8 17. Ne5 Qc7 18. Bxe6 Bxe6 19. Qxc7 Bxc7 20. Rxc7
Rd8 21. Kf1 Bxa2 22. Rxb7 Rd1+ 23. Ke2 Rg1 24. Rxa7 Bd5 25. Nf5 Rxg2 26. Ne7+
Kh7 27. Nxd5 Nxd5 28. Rxf7 Rxh2 29. Nd3 Kg6 30. Rb7 h5 31. e4 Nf6 32. e5 Ng4
33. e6 Kf6 34. e7 Kf7 35. b4 Nf6 36. Ne5+ Ke6 37. Nc6 Kd6 38. b5 Rh4 39. f3
Rh2+ 40. Kd3 Rf2 41. Nd4 g6 42. e8=Q Nxe8 43. Rb6+ Ke7 44. Rxg6 Kf7 45. Rg5 Nf6
46. Kc3 h4 47. b6 h3 48. b7 Nd7 49. Rd5 Nb8 50. Rd8 h2 51. Rxb8 h1=Q 52. Rf8+
Ke7 53. b8=Q Qe1+ 54. Kd3 Rd2+ 55. Kc4 Rxd4+ 56. Kxd4 Qd2+ 57. Ke4 1-0

[Event "Stuttgarter Stadtmeisterschaft 2010 A"]
[Site "Ditzingen"]
[Date "2010.05.16"]
[Round "7.3"]
[White "Teske, Henrik"]
[Black "Strunski, Andreas"]
[Result "1-0"]
[WhiteElo "2553"]
[BlackElo "2378"]
[PlyCount "145"]
[EventDate "2010.??.??"]
[WhiteTeam "Sabt SpVgg Rommelshausen"]
[BlackTeam "Sabt SpVgg Rommelshausen"]

1. d4 d5 2. c4 c6 3. Nf3 Nf6 4. Nc3 dxc4 5. a4 e6 6. Bg5 Bb4 7. e3 Nbd7 8. Bxc4
Qa5 9. O-O O-O 10. Qd3 h6 11. Bh4 c5 12. Na2 cxd4 13. Nxb4 Qxb4 14. Qxd4 b6 15.
Bg3 Qc5 16. Bd6 Qxd4 17. Nxd4 Re8 18. Nb5 Ne4 19. Bb4 Bb7 20. f3 Rec8 21. b3 a6
22. fxe4 axb5 23. Bxb5 Nc5 24. Bxc5 Rxc5 25. Rfc1 Rxc1+ 26. Rxc1 Bxe4 27. Rc4
Bd3 28. Rb4 Bxb5 29. Rxb5 Ra6 30. Kf2 Kf8 31. Ke2 Ke7 32. Kd3 Kd6 33. Rb4 Kc7
34. Rc4+ Kd7 35. Rd4+ Kc7 36. Rg4 g6 37. Rh4 h5 38. g4 hxg4 39. Rh7 Kd6 40.
Rxf7 Ra5 41. Rg7 Rg5 42. Kc4 Rc5+ 43. Kb4 Rg5 44. Kc4 Rc5+ 45. Kd4 Rg5 46. b4
g3 47. hxg3 Rg4+ 48. e4 e5+ 49. Kc4 Kc6 50. a5 Rxe4+ 51. Kd3 Rd4+ 52. Ke3 bxa5
53. bxa5 Ra4 54. Rxg6+ Kd5 55. a6 Ra3+ 56. Kf2 Ke4 57. Rf6 Ra2+ 58. Kg1 Kd5 59.
g4 Ra4 60. Rg6 Ke4 61. Kg2 Ra3 62. Rf6 Kd5 63. g5 e4 64. g6 Ra2+ 65. Kf1 Ra1+
66. Kf2 Ra2+ 67. Ke3 Ra3+ 68. Kf4 Rf3+ 69. Kg5 Rg3+ 70. Kh4 Rg1 71. a7 Ra1 72.
g7 Ke5 73. Rf8 1-0

[Event "Stuttgarter Stadtmeisterschaft 2010 A"]
[Site "Ditzingen"]
[Date "2010.05.16"]
[Round "7.4"]
[White "Kabisch, Thilo"]
[Black "Schmittdiel, Eckhard"]
[Result "1/2-1/2"]
[WhiteElo "2311"]
[BlackElo "2473"]
[PlyCount "200"]
[EventDate "2010.??.??"]
[WhiteTeam "Sabt SpVgg Rommelshausen"]
[BlackTeam "Sabt SpVgg Rommelshausen"]

1. e4 c5 2. Nf3 Nc6 3. d4 cxd4 4. Nxd4 e5 5. Nb5 d6 6. c4 Be7 7. Bd3 a6 8. N5c3
Bg5 9. Na3 Bxc1 10. Rxc1 Nge7 11. Nc2 O-O 12. Ne3 Be6 13. O-O Ng6 14. Ncd5 Nd4
15. Kh1 Bxd5 16. Nxd5 Nf4 17. Nxf4 exf4 18. Bb1 Qf6 19. Qd3 g6 20. Rfd1 Ne6 21.
Qc3 Qh4 22. Kg1 Rad8 23. Rd5 Ng5 24. f3 Ne6 25. Rcd1 Qe7 26. Qd2 Qc7 27. b3
Qb6+ 28. Kf1 Rfe8 29. Qf2 Qc7 30. a3 b6 31. Qd2 a5 32. Ba2 Qe7 33. Qf2 Nc7 34.
R5d2 Na8 35. b4 axb4 36. axb4 d5 37. cxd5 Qxb4 38. d6 Qb5+ 39. Kg1 Qe5 40. Rd5
Qf6 41. Bb3 Kg7 42. Ba4 Re5 43. Qd4 Rxd5 44. Qxd5 Qc3 45. Bc6 Qc5+ 46. Kf1 Qxd5
47. exd5 b5 48. Rb1 Nb6 49. Rxb5 Nc4 50. d7 Ne5 51. Rb7 Kf6 52. Rc7 Ke7 53. Rc8
Nc4 54. Ke2 Nd6 55. Rc7 Kf6 56. Kd3 Ke5 57. Ra7 f5 58. Ra1 Nf7 59. Re1+ Kd6 60.
Kd4 Rb8 61. Re8 Nd8 62. Kc4 g5 63. Rh8 Kc7 64. Bb5 Ra8 65. Re8 Rb8 66. Rf8 h6
67. Rxf5 Nb7 68. d8=Q+ Rxd8 69. Rf7+ Kb6 70. Rf6+ Rd6 71. Re6 Kc7 72. Ba6 Na5+
73. Kd4 Nc6+ 74. Ke4 Rxe6+ 75. dxe6 Kd6 76. Bc4 Ke7 77. Kf5 Nd4+ 78. Kg6 Nc2
79. Kxh6 Ne3 80. Ba2 Kf6 81. e7 Nf5+ 82. Kh5 Nxe7 83. Bb1 Nd5 84. h4 gxh4 85.
Kxh4 Ne3 86. Kh3 Kg5 87. Ba2 Nd1 88. Be6 Nf2+ 89. Kh2 Kh4 90. Kg1 Kg3 91. Bf5
Nd1 92. Be6 Ne3 93. Bh3 Nc4 94. Kf1 Nd2+ 95. Ke2 Nxf3 96. Kf1 Nh4 97. Kg1 Nf3+
98. Kh1 Ne1 99. Kg1 Nd3 100. Kf1 Nb2 1/2-1/2

[Event "Stuttgarter Stadtmeisterschaft 2010 A"]
[Site "Ditzingen"]
[Date "2010.05.16"]
[Round "7.5"]
[White "Stets, Dmitry"]
[Black "Wiley, Tom E"]
[Result "1-0"]
[WhiteElo "2450"]
[BlackElo "2281"]
[PlyCount "85"]
[EventDate "2010.??.??"]
[WhiteTeam "Sabt SpVgg Rommelshausen"]
[BlackTeam "Sabt SpVgg Rommelshausen"]

1. e4 e6 2. d4 d5 3. Nc3 Bb4 4. e5 c5 5. a3 Bxc3+ 6. bxc3 Qa5 7. Bd2 Qa4 8. h4
cxd4 9. cxd4 Qxd4 10. Nf3 Qe4+ 11. Be3 Nc6 12. Bd3 Qa4 13. h5 Qa5+ 14. Kf1 Qc7
15. Qe2 Bd7 16. Rh4 f5 17. Bc5 Nge7 18. Rb1 Rd8 19. Bd6 Qc8 20. c4 h6 21. g4
dxc4 22. Bxc4 O-O 23. g5 Kh7 24. Kg1 Rfe8 25. Kh2 Na5 26. Bd3 Bc6 27. Rg1 Qd7
28. Nd4 Bd5 29. Qe3 Nac6 30. Ne2 Rg8 31. Nf4 Qe8 32. gxh6 gxh6 33. Rg6 Nxg6 34.
hxg6+ Rxg6 35. Nxd5 exd5 36. Bxf5 Kg7 37. Bxg6 Qxg6 38. f4 Qf5 39. Qb3 Qe4 40.
Rg4+ Kh8 41. Qh3 Kh7 42. f5 Qe1 43. f6 1-0

[Event "Stuttgarter Stadtmeisterschaft 2010 A"]
[Site "Ditzingen"]
[Date "2010.05.16"]
[Round "7.6"]
[White "Zeller, Frank"]
[Black "Szenetra, Werner"]
[Result "1-0"]
[WhiteElo "2420"]
[BlackElo "2201"]
[PlyCount "113"]
[EventDate "2010.??.??"]
[WhiteTeam "Sabt SpVgg Rommelshausen"]
[BlackTeam "Sabt SpVgg Rommelshausen"]

1. e4 g6 2. d4 Bg7 3. Be3 d6 4. Qd2 Nd7 5. c4 c5 6. Ne2 a6 7. Nbc3 e6 8. Rd1 b6
9. Nc1 Bb7 10. Be2 Rc8 11. O-O Ngf6 12. d5 exd5 13. exd5 Qe7 14. Rde1 O-O 15.
Bd1 Ne5 16. Bg5 Qc7 17. b3 Rce8 18. f3 b5 19. Be2 Qa5 20. cxb5 axb5 21. Bxb5
Rb8 22. a4 h6 23. Bf4 Kh7 24. Rd1 Nh5 25. Ne4 Qd8 26. Be3 f5 27. Nc3 Qh4 28.
Bf2 Qf6 29. N1e2 g5 30. Kh1 Kh8 31. Rb1 Rg8 32. b4 g4 33. f4 Nf3 34. Qd3 cxb4
35. Rxb4 Nh4 36. Bd4 Qg6 37. Bxg7+ Rxg7 38. Bc6 Kh7 39. Ng3 Ba6 40. Nb5 Re7 41.
Rbb1 Rg8 42. Kg1 Rf8 43. Rb2 Nf6 44. Re2 Ne4 45. Rfe1 Rff7 46. Qc2 Nf3+ 47.
gxf3 gxf3 48. Rxe4 f2+ 49. Qxf2 fxe4 50. f5 Qf6 51. Nxe4 Rg7+ 52. Kh1 Rxe4 53.
Rxe4 Bc8 54. Nd4 Rg5 55. h4 Bxf5 56. Kh2 Qg6 57. Re7+ 1-0

[Event "Stuttgarter Stadtmeisterschaft 2010 A"]
[Site "Ditzingen"]
[Date "2010.05.16"]
[Round "7.7"]
[White "Lobzhanidze, Davit"]
[Black "Höschele, Hans-Ulrich"]
[Result "1-0"]
[WhiteElo "2510"]
[BlackElo "2163"]
[PlyCount "51"]
[EventDate "2010.??.??"]
[WhiteTeam "Sabt SpVgg Rommelshausen"]
[BlackTeam "Sabt SpVgg Rommelshausen"]

1. e4 c6 2. d4 d5 3. e5 g6 4. h3 Na6 5. Bxa6 Qa5+ 6. Nc3 Qxa6 7. Nge2 e6 8. O-O
b6 9. a4 Bd7 10. a5 c5 11. Be3 Qb7 12. axb6 axb6 13. Rxa8+ Qxa8 14. Qa1 Qb8 15.
Qa6 c4 16. b3 cxb3 17. cxb3 Be7 18. Rc1 f6 19. exf6 Nxf6 20. Bf4 Qd8 21. Na4
O-O 22. Nxb6 Ne8 23. Qa7 Bb5 24. Rc8 Bxe2 25. Rxd8 Bxd8 26. Bh6 1-0

[Event "Stuttgarter Stadtmeisterschaft 2010 A"]
[Site "Ditzingen"]
[Date "2010.05.16"]
[Round "7.8"]
[White "Donchenko, Anatoly"]
[Black "Donchenko, Alexander"]
[Result "1/2-1/2"]
[WhiteElo "2395"]
[BlackElo "2094"]
[PlyCount "21"]
[EventDate "2010.??.??"]
[WhiteTeam "Sabt SpVgg Rommelshausen"]
[BlackTeam "Sabt SpVgg Rommelshausen"]

1. e4 e5 2. Nf3 Nf6 3. Nxe5 d6 4. Nf3 Nxe4 5. d3 Nf6 6. Qe2+ Qe7 7. Nc3 c6 8.
Bg5 Qxe2+ 9. Bxe2 Be7 10. O-O O-O 11. Rfe1 1/2-1/2

[Event "Stuttgarter Stadtmeisterschaft 2010 A"]
[Site "Ditzingen"]
[Date "2010.05.16"]
[Round "7.9"]
[White "Gheng, Josef"]
[Black "Schulte, Torsten"]
[Result "1-0"]
[WhiteElo "2321"]
[BlackElo "2164"]
[PlyCount "81"]
[EventDate "2010.??.??"]
[WhiteTeam "Sabt SpVgg Rommelshausen"]
[BlackTeam "Sabt SpVgg Rommelshausen"]

1. e4 e5 2. Nf3 Nc6 3. Bb5 a6 4. Ba4 Nf6 5. d3 d6 6. c3 Bd7 7. Nbd2 g6 8. Nf1
Bg7 9. Bg5 h6 10. Bd2 O-O 11. h3 Kh7 12. g4 Ng8 13. Ng3 Nce7 14. Bc2 Kh8 15. g5
f5 16. Nh4 f4 17. Nf1 hxg5 18. Nf3 Bf6 19. N1h2 Nh6 20. Rg1 Bxh3 21. Nxg5 Bxg5
22. Rxg5 Kg7 23. Qf3 Be6 24. O-O-O c5 25. Rdg1 Qd7 26. Qh5 Rf6 27. Qd1 Rh8 28.
d4 cxd4 29. cxd4 Nf7 30. Rh5 Rxh5 31. Qxh5 exd4 32. Nf3 d3 33. Bxd3 Ne5 34. Bc2
Qb5 35. Nxe5 dxe5 36. Bc3 Nc6 37. Qd1 Rf8 38. Qd6 Bf7 39. a4 Qe2 40. Bxe5+ Nxe5
41. Qxe5+ 1-0

[Event "Stuttgarter Stadtmeisterschaft 2010 A"]
[Site "Ditzingen"]
[Date "2010.05.16"]
[Round "7.10"]
[White "Zhou, Syang"]
[Black "Vuckovic, Aleksandar"]
[Result "1/2-1/2"]
[WhiteElo "2206"]
[BlackElo "2317"]
[PlyCount "80"]
[EventDate "2010.??.??"]
[WhiteTeam "Sabt SpVgg Rommelshausen"]
[BlackTeam "Sabt SpVgg Rommelshausen"]

1. e4 c5 2. Nf3 d6 3. d4 cxd4 4. Nxd4 Nf6 5. Nc3 g6 6. Be3 Bg7 7. f3 a6 8. Qd2
b5 9. Bh6 Bxh6 10. Qxh6 Bb7 11. O-O-O Nbd7 12. h4 Qb6 13. Be2 O-O-O 14. Qd2 h5
15. Kb1 Kb8 16. Nb3 b4 17. Na4 Qf2 18. Na5 Nc5 19. Nxb7 Nxb7 20. Bxa6 Qa7 21.
Bxb7 Qxb7 22. Qd4 Nd7 23. Rd3 Ne5 24. Rb3 Nc6 25. Qb6 e6 26. a3 Qxb6 27. Nxb6
Kc7 28. Nc4 bxa3 29. Nxa3 Nd4 30. Nb5+ Nxb5 31. Rxb5 Ra8 32. c3 Ra4 33. Kc2 Kc6
34. Rb4 Rxb4 35. cxb4 f5 36. Ra1 fxe4 37. fxe4 Rf8 38. Ra6+ Kc7 39. Kc3 Rf2 40.
g3 Re2 1/2-1/2

[Event "Stuttgarter Stadtmeisterschaft 2010 A"]
[Site "Ditzingen"]
[Date "2010.05.16"]
[Round "7.11"]
[White "Bräuner, Uwe"]
[Black "Holzhäuer, Mathias"]
[Result "1/2-1/2"]
[WhiteElo "2122"]
[BlackElo "2284"]
[PlyCount "80"]
[EventDate "2010.??.??"]
[WhiteTeam "Sabt SpVgg Rommelshausen"]
[BlackTeam "Sabt SpVgg Rommelshausen"]

1. d4 Nf6 2. Nf3 e6 3. Bg5 h6 4. Bh4 g5 5. Bg3 d6 6. Nbd2 Nh5 7. e3 Bg7 8. c3
O-O 9. Ng1 Nxg3 10. hxg3 c5 11. Qc2 Nc6 12. Bd3 Bd7 13. Rd1 d5 14. Ngf3 Rc8 15.
Qb1 Qe7 16. Ne5 Nxe5 17. dxe5 f6 18. exf6 Qxf6 19. O-O b5 20. Nf3 b4 21. e4
dxe4 22. Bxe4 Bb5 23. Bd3 Bc6 24. Be4 Bb5 25. Bd3 Bc6 26. Be4 bxc3 27. bxc3
Qxc3 28. Rd6 Be8 29. Rxe6 Bf7 30. Re7 a5 31. Rxf7 Rxf7 32. Bd5 Qf6 33. Re1 Rcf8
34. Ne5 Qxf2+ 35. Kh2 Bxe5 36. Rxe5 Kg7 37. Bxf7 Rxf7 38. Qb5 Qxa2 39. Qxc5 Qd2
40. Qxa5 Qxa5 1/2-1/2